An introduction to neurotology/ (Record no. 11618)
[ view plain ]
| 000 -LEADER | |
|---|---|
| fixed length control field | 00747 a2200217 4500 |
| 010 ## - LIBRARY OF CONGRESS CONTROL NUMBER | |
| LC control number | ENG-89916 |
| 020 ## - INTERNATIONAL STANDARD BOOK NUMBER | |
| International Standard Book Number | 8185578737 |
| Terms of availability | 1295.00 |
| 035 ## - SYSTEM CONTROL NUMBER | |
| System control number | EN-73449 |
| 037 ## - SOURCE OF ACQUISITION | |
| Source of stock number/acquisition | DBAD / PUB |
| 082 14 - DEWEY DECIMAL CLASSIFICATION NUMBER | |
| Classification number | 617.8 |
| 090 ## - LOCALLY ASSIGNED LC-TYPE CALL NUMBER (OCLC); LOCAL CALL NUMBER (OCLC) | |
| -- | 11972 |
| -- | 11972 |
| 100 1# - MAIN ENTRY--PERSONAL NAME | |
| Personal name | Biswas, Anirban |
| 245 1# - TITLE STATEMENT | |
| Title | An introduction to neurotology/ |
| Statement of responsibility, etc | by Anirban Biswas |
| 250 ## - EDITION STATEMENT | |
| Edition statement | 2nd ed |
| 260 ## - PUBLICATION, DISTRIBUTION, ETC. (IMPRINT) | |
| Place of publication, distribution, etc | Delhi |
| Name of publisher, distributor, etc | Bhalani Publishing House |
| Date of publication, distribution, etc | 2006 |
| 270 ## - ADDRESS | |
| Address | 11 Mavawala Building, Opp. KEM Hospital , Parel, |
| City | Mumbai |
| State or province | Mumbai |
| Postal code | 400012 |
| Electronic mail address | bhalani@vsnl.com |
| 300 ## - PHYSICAL DESCRIPTION | |
| Extent | xvi, 324p.: |
| Dimensions | 28cm (Hb) |
| Other physical details | col. & b & w photos |
| 500 ## - GENERAL NOTE | |
| General note | Includes index |
| 942 ## - ADDED ENTRY ELEMENTS (KOHA) | |
| Institution code [OBSOLETE] | dpl |
| Koha item type | English Books |
| Call number prefix | 617.8 / BIS |
| Withdrawn status | Lost status | Source of classification or shelving scheme | Damaged status | Not for loan | Collection code | Home library | Current library | Source of acquisition | Cost, normal purchase price | Total Checkouts | Full call number | Barcode | Date last seen | Copy number | Uniform Resource Identifier | Cost, replacement price | Price effective from | Koha item type |
|---|---|---|---|---|---|---|---|---|---|---|---|---|---|---|---|---|---|---|
| Dewey Decimal Classification | Not For Loan | Non-fiction | D.B.Act.Division | D.B.Act.Division | DBAD/PUB | 1295.00 | 617.8 BIS | EN-73449 | 15/09/2008 | 1 | 12732 | 1295.00 | 15/09/2008 | English Books |
